Musica intima pro housle a klavír /

Hlavní autor: Vačkář, Dalibor C., 1906-1984
Další autoři: Štraus, Ivan, 1937-
Jazyk: Nelze použít, není lingvistický obsah
Vydáno: Praha : Panton, 1984
Vydání: 1. vyd.
Fyzický popis: 31, 14 s.
Hudebniny Hudebniny
Uloženo v:
LEADER 00808ncm a22002292a 4500
001 001199507
003 CZ BrMZK
005 20120320075140.0
007 qu
008 120309s1984 xr |||||||||||||||||zxx d
040 |a BOA001  |b cze 
072 7 |a 787  |x Hudba pro strunné a smyčcové nástroje  |2 Konspekt  |9 9 
100 1 |a Vačkář, Dalibor C.,  |d 1906-1984  |7 jz8001348  |4 cmp 
245 1 0 |a Musica intima  |h [hudebnina] :  |b pro housle a klavír /  |c Dalibor Cyril Vačkář ; revize houslového hlasu Ivan Štraus 
250 |a 1. vyd. 
260 |a Praha :  |b Panton,  |c 1984 
300 |a 31, 14 s. 
700 1 |a Štraus, Ivan,  |d 1937-  |7 jn19990209894  |4 edt 
910 |a BOA001  |b Mus4-0884.173 
990 |a MU 
991 |b 201203 
996 6 |b 2619070878  |c Mus4-0884.173  |l MZK  |r Sklad / do 1 hodiny  |n 0  |w 001232990  |u 000010  |a 1  |e BOA001  |j MZK50  |s P